书目信息 |
| 题名: |
堡垒
|
|
| 作者: | 克罗宁 著 | |
| 分册: | ||
| 出版信息: | 北京 商务印书馆出版 1979.09 |
|
| 页数: | 165页 | |
| 开本: | 20cm | |
| 丛书名: | ||
| 单 册: | ||
| 中图分类: | H319.4:I | |
| 科图分类: | ||
| 主题词: | 英语 | |
| 电子资源: | ||
| ISBN: | ||
| 000 | 00505nam0 2200193 450 | |
| 001 | 1941338611 | |
| 005 | 20190114113225.26 | |
| 010 | @dCNY0.44 | |
| 100 | @a20190114d1979 km y0chiy0120 ea | |
| 101 | 0 | @achi |
| 102 | @aCN@b110000 | |
| 200 | 1 | @a堡垒@Abao lei@f(英)克罗宁著@F(ying)ke luo ning zhu |
| 210 | @a北京@c商务印书馆出版@d1979.09 | |
| 215 | @a165页@d20cm | |
| 606 | 0 | @a英语 |
| 690 | @aH319.4:I@v4 | |
| 701 | 0 | @a克罗宁@Ake luo ning@4著 |
| 801 | 0 | @aCN@bMUSE@c20190114 |
| 905 | @aMUSE@dH319.4:I@eK664 | |
| 堡垒/(英)克罗宁著.-北京:商务印书馆出版,1979.09 |
| 165页;20cm |
| ISBN :CNY0.44 |
| ● |
| 相关链接 |
|
|
|
正题名:堡垒
索取号:H319.4:I/K664
 
预约/预借
| 序号 | 登录号 | 条形码 | 馆藏地/架位号 | 状态 | 备注 |
| 1 | 1301740 | 213017402 | 语言库209/209语言库 54排1列2层/ [索取号:H319.4:I/K664] | 在馆 |